Tiempos, avances y retrocesos del TTLC /

Guardat en:
Dades bibliogràfiques
Autor principal: Bernal Sahagún, Víctor M
Format: Text
Matèries:
Etiquetes: Afegir etiqueta
Sense etiquetes, Sigues el primer a etiquetar aquest registre!

MARC

LEADER 00000 a a2200000 04500
001 42124
003
040
100 |a Bernal Sahagún, Víctor M  
245 |a Tiempos, avances y retrocesos del TTLC /  |c Víctor M Bernal Sahagún  
650 |a ACUERDOS ECONOMICOS  
650 |a MEXICO  
650 |a NEGOCIACIONES COMERCIALES  
650 |a EMPLEO  
650 |a ECONOMIA  
773 |g volumen23, número90 ( , 1992) páginas 59-65  
999 |c 32575  |d 32575